O que nos dizem os censos sobre a habitacão (Record no. 45078)

MARC details
000 -Etiqueta do registo
Valores 00811nam a2200253 4500
010 ## - Número ISBN
ISBN 9789892506739
010 ## - Número ISBN
ISBN 9789892506357
021 ## - Número do Depósito Legal
Número 511619/23
100 ## - Dados gerais de processamento
Dados gerais 20230321d2023 m a0pory50030103ba
101 0# - Língua de publicação
Língua por
102 ## - País de publicação
País PT
200 1# - Titulo e menção de responsabilidade
Título próprio O que nos dizem os censos sobre a habitacão
Primeira menção de responsabilidade Instituto Nacional de Estatística
210 #9 - Publicação
Local de publicação Lisboa
Nome do editor Instituto Nacional de Estatística,
Data de publicação D.L. 2023
215 ## - Descrição física 
Paginação / Volumes 44 p.
Dimensões 30 cm
225 2# - Colecção 
Título próprio da colecção Censos 2021
675 ## - CDU
Notação 314.04(469)
675 ## - CDU
Notação 311.3(469)"2021"
Edição BN
Língua por
675 ## - CDU
Notação 332.82(469)"2021"(083.4)
Edição BN
Língua por
710 01 - Autor entidade principal
Nome da entidade Portugal.
Subdivisão Instituto Nacional de Estatística
801 #0 - Fonte de origem
País PT
Agência BN
Regras de catalogação RPC
856 41 - Localização e acesso electrónico 
URL <a href="http://rnod.bnportugal.gov.pt/ImagesBN/winlibimg.aspx?skey=&doc=2126907&img=177355&save=true">http://rnod.bnportugal.gov.pt/ImagesBN/winlibimg.aspx?skey=&doc=2126907&img=177355&save=true</a>
990 ## - Elementos KOHA
Tipo de documento Livro
Holdings
Aquisição Empréstimo Código de barras Cota Permissão de empréstimo Tipo de documento
Biblioteca Municipal de Redondo Biblioteca Municipal de Redondo 055444 314.04(469) INS Consulta presencial Livro

Powered by Koha